000 00300nam a22001337a 4500
008 190226b xxu||||| |||| 00| 0 eng d
020 _a9781413009415
041 _aeng
080 _24th
_a371
100 _a25
101 _aEDU
245 _aThe Thoughtful Reader
_cFieldstad, M.C
942 _2udc
_cBK
999 _c54293
_d54293